000 00349nam a2200145Ia 4500
008 230312s9999||||xx |||||||||||||| ||und||
020 _a1-4239-0128-0
082 _a005.133
_bFAR-J
100 _aWallis;Gautier
245 0 _aSoftware Reuse with ADA
260 _bThomson
_aUSA
_c2008
300 _a811
650 _aComputer
_vComputer
942 _cBK
999 _c15309
_d15309